Football : retrouve les joueurs formés au PSG grâce à l'image - Statistiques

Statistiques générales
  • Ce quiz a été pris 527 fois
  • Le résultat moyen est 13 sur 24
Statistiques - réponses
Par images Réponse % Correct
Rabiot
99%
Coman
98%
Kimpembe
98%
Zaïre-Emery
95%
Areola
86%
Maignan
86%
Sakho
85%
Anelka
80%
Diaby
80%
Adli
67%
Ikoné
56%
Gharbi
49%
Augustin
46%
Aouchiche
43%
Kouassi
43%
Housni
42%
Bahebeck
37%
Diaw
28%
Ongenda
26%
Ruiz-Atil
25%
Mbe Soh
14%
Zagré
12%
Rimane
6%
Toufiqui
3%
Aucun quiz correspondant
Distribution des résultats
% des personnes avec chaque résultat
Percentile par nombre de réponses
Votre historique - résultats
Vous n’avez pas pris ce quiz